We are Displaced: my journey and stories from refugee girls around the world/ (Record no. 177678)

MARC details
000 -LEADER
fixed length control field 00687nam a22001937a 4500
005 - DATE AND TIME OF LATEST TRANSACTION
control field 20210225124612.0
010 ## - LCCN (DPL NO)
LC control number ENG-129058
020 ## - INTERNATIONAL STANDARD BOOK NUMBER
Terms of availability 399.00
International Standard Book Number 978-1-4746-1004-9
035 ## - SYSTEM CONTROL NUMBER
System control number EN-112590
037 ## - SOURCE OF ACQUISITION
Source of stock number/acquisition DBAD/PUB
082 ## - DEWEY DECIMAL CLASSIFICATION NUMBER
Classification number 305.9069140922
100 ## - MAIN ENTRY--PERSONAL NAME
Personal name Yousafzai, Malala
245 ## - TITLE STATEMENT
Title We are Displaced: my journey and stories from refugee girls around the world/
Statement of responsibility, etc Malala Yousafzai with Liz Welch
260 ## - PUBLICATION, DISTRIBUTION, ETC. (IMPRINT)
Place of publication, distribution, etc Gurugram
Name of publisher, distributor, etc Hachette Book Publishing India Pvt. Ltd.
Date of publication, distribution, etc 2018
270 ## - ADDRESS
City Gurugram
Address 4th/5th Floors, Corporate Centre, Plot No- 94, Sec- 44
Postal code 122003
300 ## - PHYSICAL DESCRIPTION
Extent 212p.
Dimensions 22cm(pbk)
700 ## - ADDED ENTRY--PERSONAL NAME
Personal name Welch, Liz
942 ## - ADDED ENTRY ELEMENTS (KOHA)
Source of classification or shelving scheme Dewey Decimal Classification
Item type English Books
Classification part 305.9069140922
Call number suffix YOU
Holdings
Withdrawn status Lost status Not for loan Collection code Home library Current library Date acquired Source of acquisition Cost, normal purchase price Full call number Barcode Copy number Cost, replacement price Koha item type
      Non-fiction Ashok Vihar Ashok Vihar 25/02/2021 DBAD/PUB 399.00 305.9069140922 YOU EN-112590 1 399.00 English Books

© Delhi Public Library
Hit Counter
free hit counter